000 00275nam a2200133Ia 4500
100 _aMoore
942 _cBK
654 _aManagement
245 _aManufacturing Management
260 _bTaraporevala Sons & Co
_c2001
082 _a658
300 _a895
546 _aENGLISH
999 _c25789
_d25789